000 00335nam a2200145Ia 4500
003 OSt
005 20231117070408.0
008 170523s9999 xx 000 0 und d
020 _a9788120317420
040 _cIIMT UNIVERSITY
100 _aMAHAPATRA
245 0 _aCOMPUTER AIDED PRODUCT MANAGEMENT
260 _bPHI
942 _2ddc
_c02
999 _c1836
_d1836